00354nam a2200145Ia 4500008004100000020001500041041001200056082001600068100001400084245005300098250000800151260002500159300000800184650001600192221030s9999 xx 000 0 und d a0070993874 aEnglish a105.23bKah aZ. Kahavi 0aSwitching & Finite Automata Theorycby Z. Kahavi a2nd bTMHaNew Delhic2001 a658 aBE Computer